000 00269nam a2200121Ia 4500
008 191201s2007 xx 000 0 und d
100 _aICFAI
245 0 _aCase Studies in Finance
260 _aN.Delhi
_bICFAI
_c2007
300 _a314
650 _aMBA
942 _2ddc
_cBK
999 _c3328
_d3328